[Event "2BLN 2122 SG AE Magdeburg - SV Werder B"]
[Site "?"]
[Date "2022.03.05"]
[Round "1.1"]
[White "Carlstedt, Jonathan"]
[Black "Gungl, Theo"]
[Result "1/2-1/2"]
[WhiteElo "2445"]
[BlackElo "2381"]
[PlyCount "123"]
[EventDate "2022.??.??"]

1. d4 d5 2. Nf3 Nf6 3. Bf4 c5 4. e3 Nc6 5. Nbd2 e6 6. Bb5 Bd7 7. O-O Qb6 8. c4
Rd8 9. a4 a6 10. a5 Qa7 11. Ba4 cxd4 12. exd4 Be7 13. c5 O-O 14. Re1 Rc8 15.
Nb3 Bd8 16. Re3 Bc7 17. Ne5 Qb8 18. Bxc6 Bxc6 19. Nc1 Bb5 20. Rh3 g6 21. Ncd3
Ne4 22. Bh6 Rfd8 23. Qg4 Nxc5 24. Qh4 Nxd3 25. Nxd3 f5 26. Nc5 Bd6 27. Bg5 h5
28. Bxd8 Bxc5 29. Qf6 Be8 30. Be7 Bxe7 31. Qxe7 Bf7 32. Rc3 Rxc3 33. bxc3 Qc8
34. Qb4 Be8 35. f4 Kf7 36. Re1 Qc7 37. g3 Bb5 38. Kf2 Qc6 39. Qc5 Qd7 40. h3
Qd8 41. Kg1 Bd3 42. Qa7 Qc8 43. Re3 Bb5 44. Qb6 Qd7 45. Kf2 Qe7 46. Kf3 Bc6 47.
Ke2 Bb5+ 48. Kd2 Bc4 49. Re1 Bb5 50. Qa7 Qc7 51. Qa8 Qc4 52. Qxb7+ Kf6 53. Qb8
Qd3+ 54. Kc1 Qxc3+ 55. Kd1 Qxd4+ 56. Kc1 Qc3+ 57. Kd1 Qa1+ 58. Kc2 Qa2+ 59. Kc1
Qa3+ 60. Kc2 Qd3+ 61. Kc1 Qc3+ 62. Kd1 1/2-1/2

[Event "2BLN 2122 SG AE Magdeburg - SV Werder B"]
[Site "?"]
[Date "2022.03.05"]
[Round "1.2"]
[White "Malek, Daniel"]
[Black "Meins, Gerlef"]
[Result "1/2-1/2"]
[WhiteElo "2348"]
[BlackElo "2419"]
[PlyCount "106"]
[EventDate "2022.??.??"]

1. e4 c5 2. Nf3 Nc6 3. Bb5 d6 4. O-O Bd7 5. Re1 a6 6. Bxc6 Bxc6 7. d4 cxd4 8.
Nxd4 Nf6 9. Nxc6 bxc6 10. Qf3 Qc7 11. Bg5 Nd7 12. Nd2 Nc5 13. Nc4 Ne6 14. Bd2
g6 15. Bc3 Bg7 16. Bxg7 Nxg7 17. e5 O-O 18. exd6 exd6 19. Qf6 Rad8 20. Re7 Qb8
21. Ne3 Nh5 22. Qc3 d5 23. Ng4 d4 24. Qf3 Qf4 25. Qe2 Nf6 26. Nxf6+ Qxf6 27.
Re1 c5 28. h3 Qb6 29. b3 Rd6 30. a4 h5 31. Qf3 Rf6 32. Qd5 Qc6 33. Qc4 Kg7 34.
R1e5 Rc8 35. Rd5 Re6 36. Rdd7 Rxe7 37. Rxe7 Qf6 38. Re4 Qf5 39. Re7 Qf6 40. Re4
Rc6 41. Kf1 Qd6 42. g3 Rc7 43. h4 Rd7 44. Ke2 Rb7 45. c3 Rd7 46. cxd4 cxd4 47.
Kd3 Qa3 48. Rxd4 Rb7 49. Ke2 Rxb3 50. Rf4 Qa2+ 51. Kf1 Rb1+ 52. Kg2 Qxc4 53.
Rxc4 Ra1 1/2-1/2

[Event "2BLN 2122 SG AE Magdeburg - SV Werder B"]
[Site "?"]
[Date "2022.03.05"]
[Round "1.3"]
[White "Colbow, Collin"]
[Black "Biastoch, Bennet"]
[Result "1-0"]
[WhiteElo "2357"]
[BlackElo "2246"]
[PlyCount "151"]
[EventDate "2022.??.??"]

1. e4 c5 2. Nc3 d6 3. d4 cxd4 4. Qxd4 Nc6 5. Qd2 g6 6. b3 Bh6 7. f4 f5 8. Bb2
Nf6 9. O-O-O Rf8 10. g3 fxe4 11. Bg2 Bf5 12. h3 Nh5 13. Nge2 Qb6 14. Rhf1 e3
15. Qe1 Nb4 16. Nd4 Bg7 17. Na4 Qc7 18. Qxb4 Bxd4 19. c3 Nxg3 20. Rxd4 Ne2+ 21.
Kd1 Nxd4 22. Qxd4 Rc8 23. Qxa7 Bd3 24. Re1 e2+ 25. Kd2 Ba6 26. Nb6 Rd8 27. Nd5
Qa5 28. Rxe2 Rd7 29. Qb8+ Kf7 30. Qa7 Qxa2 31. Kc1 Qxb3 32. Nb6 e6 33. Rxe6
Kxe6 34. Bd5+ Qxd5 35. Nxd5 Kxd5 36. c4+ Kxc4 37. Qd4+ Kb5 38. Ba3 Rc8+ 39. Kb2
Rc4 40. Qd5+ Kb6 41. Bxd6 Bb5 42. Qe6 Ka7 43. Qd5 Ka6 44. Qf3 Bc6 45. Qe3 b5
46. Qe5 Kb7 47. h4 Re4 48. Qf6 Re2+ 49. Kc3 Re3+ 50. Kb4 Rd3 51. Be5 Rd1 52.
Qh8 Ka6 53. Qc8+ Bb7 54. Qc2 R7d2 55. Qb3 Kb6 56. Qe3+ Kc6 57. Qc5+ Kd7 58.
Qc7+ Ke6 59. Qxb7 Rd7 60. Qe4 R1d5 61. Bd4+ Kf7 62. Bc5 Rf5 63. Bd4 Rfd5 64.
Be5 Ke6 65. h5 gxh5 66. f5+ Kf7 67. Bc3 R5d6 68. Qe5 h4 69. Qg7+ Ke8 70. Qg8+
Ke7 71. Qxh7+ Kf8 72. Qh8+ Kf7 73. Qxh4 Rd5 74. Qh7+ Kf8 75. Qh8+ Kf7 76. Qg7+
1-0

[Event "2BLN 2122 SG AE Magdeburg - SV Werder B"]
[Site "?"]
[Date "2022.03.05"]
[Round "1.4"]
[White "Andre, Gordon"]
[Black "Joachim, Sven"]
[Result "0-1"]
[WhiteElo "2365"]
[BlackElo "2390"]
[PlyCount "104"]
[EventDate "2022.??.??"]

1. d4 Nf6 2. c4 g6 3. Nc3 Bg7 4. e4 d6 5. f3 O-O 6. Bg5 c5 7. d5 e6 8. Nge2 h6
9. Be3 exd5 10. cxd5 Nbd7 11. Ng3 h5 12. Be2 Nh7 13. Qc2 Ne5 14. O-O h4 15. Nh1
f5 16. f4 Nf7 17. Nf2 fxe4 18. Nfxe4 Nh6 19. Rae1 Nf5 20. Bf2 Bd7 21. g4 Nd4
22. Bxd4 Bxd4+ 23. Kh1 Qe7 24. Bd3 Bxg4 25. Qg2 Qd7 26. Bb5 Qf5 27. Nxd6 h3 28.
Qg3 Qh5 29. Re7 Ng5 30. Bd7 Bf3+ 31. Rxf3 Qxf3+ 32. Qxf3 Nxf3 33. Bxh3 Rxf4 34.
Ne2 Rf6 35. Be6+ Kf8 36. Rh7 Ng5 37. Rh8+ Ke7 38. Rxa8 Rf1+ 39. Kg2 Rf2+ 40.
Kg3 Rxe2 41. Nc4 Nxe6 42. dxe6 b5 43. Na5 Rxb2 44. Nc6+ Kxe6 45. Nxd4+ cxd4 46.
Rxa7 d3 47. Ra3 d2 48. Rd3 Rxa2 49. Rd8 b4 50. Kf3 b3 51. Ke2 b2 52. Rb8 Ra1
0-1

[Event "2BLN 2122 SG AE Magdeburg - SV Werder B"]
[Site "?"]
[Date "2022.03.05"]
[Round "1.5"]
[White "Breutigam, Martin"]
[Black "Melamed, Tatjana"]
[Result "1/2-1/2"]
[WhiteElo "2379"]
[BlackElo "2334"]
[PlyCount "143"]
[EventDate "2022.??.??"]

1. e4 c5 2. c3 Nf6 3. e5 Nd5 4. Nf3 d6 5. Bc4 e6 6. d4 cxd4 7. cxd4 Nc6 8. O-O
Be7 9. Bd2 O-O 10. Nc3 Nxc3 11. Bxc3 dxe5 12. dxe5 Qxd1 13. Rfxd1 Rd8 14. Rxd8+
Bxd8 15. Rd1 Bc7 16. h4 h6 17. Bb5 Kf8 18. h5 Rb8 19. a3 Ke7 20. Bxc6 bxc6 21.
Bb4+ Ke8 22. Rd2 Rb5 23. Rc2 Bxe5 24. Rxc6 Kd7 25. Nxe5+ Rxe5 26. Rc5 Rxc5 27.
Bxc5 a6 28. Bf8 g6 29. hxg6 fxg6 30. Bxh6 Bb7 31. Kh2 Be4 32. Kh3 Kc6 33. g3
Bf3 34. Kh4 Kc5 35. Kg5 Be4 36. Kf6 Kd6 37. Bd2 Bc2 38. Be3 Kd7 39. Ke5 Bb3 40.
Bd2 Ke7 41. Bb4+ Kd7 42. Kf6 Bc2 43. Bf8 Ke8 44. Bc5 Kd7 45. b4 Bf5 46. Be3 Bc2
47. Bf4 Bf5 48. Ke5 Bc2 49. Kf6 Bf5 50. a4 Kc6 51. Ke5 Bg4 52. Bd2 Bh3 53. Bg5
Bg4 54. Bd2 Bh3 55. Kf6 Bf5 56. Kf7 Kd7 57. Bg5 Kc6 58. Kf6 Kb6 59. f3 Kc6 60.
Bd2 Kb6 61. Ke5 Kc6 62. Be3 Bc2 63. Kxe6 Bxa4 64. Bg5 Kb5 65. Bd2 Bc2 66. Kf6
Bd3 67. f4 Bc2 68. g4 Bd1 69. Kxg6 Bxg4 70. f5 Bxf5+ 71. Kxf5 a5 72. bxa5
1/2-1/2

[Event "2BLN 2122 SG AE Magdeburg - SV Werder B"]
[Site "?"]
[Date "2022.03.05"]
[Round "1.6"]
[White "Paul, Johannes"]
[Black "Richter, Christian"]
[Result "0-1"]
[WhiteElo "2294"]
[BlackElo "2351"]
[PlyCount "64"]
[EventDate "2022.??.??"]

1. d4 Nf6 2. c4 g6 3. Nc3 Bg7 4. e4 d6 5. Be2 O-O 6. Be3 Na6 7. Nf3 e5 8. O-O
Qe7 9. d5 Nh5 10. g3 Nf6 11. Nd2 h5 12. f3 Bh3 13. Rf2 Kh7 14. a3 Bh6 15. Bxh6
Kxh6 16. b4 Nh7 17. Nf1 Kg7 18. Qd2 Nb8 19. f4 a5 20. Rc1 Nd7 21. Nb5 Ndf6 22.
Bf3 axb4 23. axb4 b6 24. fxe5 Qxe5 25. Nxc7 Rac8 26. Nb5 Ng5 27. Qb2 Nxf3+ 28.
Kh1 Qxb2 29. Rxb2 Nxe4 30. Re2 Rfe8 31. Rxe4 Rxe4 32. Nxd6 Re2 0-1

[Event "2BLN 2122 SG AE Magdeburg - SV Werder B"]
[Site "?"]
[Date "2022.03.05"]
[Round "1.7"]
[White "Bach, Matthias"]
[Black "Merkert, Maximilian"]
[Result "1-0"]
[WhiteElo "2223"]
[BlackElo "2211"]
[PlyCount "165"]
[EventDate "2022.??.??"]

1. d4 Nc6 2. f4 f5 3. c4 Nf6 4. Nc3 e6 5. Nf3 Bb4 6. Bd2 b6 7. e3 Bb7 8. Bd3
Ne7 9. O-O O-O 10. Qe2 Kh8 11. Rad1 Nc8 12. Be1 Nd6 13. Nb5 Bxe1 14. Nxd6 cxd6
15. Rfxe1 Be4 16. d5 exd5 17. cxd5 Qe7 18. Nd4 g6 19. Nb5 Rfc8 20. Nc3 Re8 21.
Ba6 Rg8 22. Rd4 Rae8 23. Bd3 Bxd3 24. Qxd3 Ng4 25. g3 Nf6 26. e4 fxe4 27. Nxe4
Qg7 28. Re2 Nxe4 29. Rdxe4 Rxe4 30. Qxe4 Rf8 31. Kg2 Qf7 32. h4 h5 33. Kh2 Rc8
34. b4 Kg8 35. a4 Kf8 36. Qd4 Kg8 37. a5 bxa5 38. bxa5 a6 39. Qd3 Ra8 40. Rf2
Qf5 41. Qxf5 gxf5 42. Rb2 Kf7 43. Rb6 Ke7 44. Kg2 Rc8 45. Rxa6 Rc5 46. Ra8 Rxd5
47. a6 Ra5 48. Rh8 Rxa6 49. Rxh5 Ke6 50. Rg5 Ra2+ 51. Kf3 Ra3+ 52. Ke2 Ra2+ 53.
Kd3 Ra3+ 54. Kd4 Ra4+ 55. Kc3 Ra1 56. Rg6+ Kd5 57. h5 Ke4 58. Rxd6 Rh1 59. h6
Rc1+ 60. Kd2 Rh1 61. Ke2 Rh2+ 62. Kf1 Kf3 63. Kg1 Rh5 64. Rd3+ Ke4 65. Rxd7 Kf3
66. Rd3+ Ke4 67. Ra3 Rxh6 68. Kg2 Rh8 69. Ra5 Rf8 70. Re5+ Kd4 71. Kf3 Rf7 72.
g4 fxg4+ 73. Kxg4 Rf8 74. Re6 Rg8+ 75. Kf5 Kd5 76. Ra6 Rf8+ 77. Kg5 Rg8+ 78.
Rg6 Re8 79. f5 Ke5 80. Rg7 Kd6 81. Kg6 Re1 82. Ra7 Rg1+ 83. Kf6 1-0

[Event "2BLN 2122 SG AE Magdeburg - SV Werder B"]
[Site "?"]
[Date "2022.03.05"]
[Round "1.8"]
[White "Schoene, Maria"]
[Black "Kardoeus, David"]
[Result "1-0"]
[WhiteElo "2210"]
[BlackElo "2156"]
[PlyCount "169"]
[EventDate "2022.??.??"]

1. e4 c5 2. Nf3 Nc6 3. d4 cxd4 4. Nxd4 Nf6 5. Nc3 e5 6. Ndb5 d6 7. Bg5 a6 8.
Na3 b5 9. Nd5 Be7 10. Bxf6 Bxf6 11. c3 O-O 12. Nc2 Bg5 13. a4 bxa4 14. Rxa4 a5
15. Bc4 Rb8 16. b3 Kh8 17. O-O Ne7 18. Nxe7 Bxe7 19. Ne3 Bb7 20. Bd5 Bg5 21.
Nc4 Ba6 22. Re1 Bb5 23. Ra2 Qc7 24. Nxa5 Qxc3 25. Nc4 Bxc4 26. Bxc4 f5 27. Rc2
Qa5 28. exf5 Rxf5 29. Rf1 Rd8 30. Qg4 e4 31. Qxe4 Re5 32. Qf3 d5 33. Bd3 Qb6
34. b4 Qxb4 35. Rc7 Qf4 36. Qh5 Bh6 37. Qh3 Rf8 38. Rc8 Ree8 39. Rxe8 Rxe8 40.
Bc2 Qd2 41. Qd3 Qxd3 42. Bxd3 Bd2 43. Rd1 Bc3 44. Bb5 Rd8 45. Kf1 d4 46. Rb1 g6
47. Bd3 Re8 48. g3 Re7 49. h4 Kg7 50. Kg2 Kf6 51. Rb6+ Ke5 52. h5 gxh5 53. Rh6
Ra7 54. Rxh5+ Kd6 55. Rxh7 Ra3 56. Rf7 Bd2 57. Rf3 Be3 58. Bb1 Rb3 59. fxe3
Rxb1 60. exd4 Kd5 61. Rf4 Rb8 62. g4 Rg8 63. Kf3 Kc4 64. Ke4 Rg5 65. Kf3 Rg8
66. Re4 Kd5 67. Ke3 Kc4 68. Kf4 Rf8+ 69. Ke5 Re8+ 70. Kf5 Rf8+ 71. Kg6 Kd3 72.
Re7 Kxd4 73. g5 Kd5 74. Kg7 Rf1 75. g6 Kd6 76. Re2 Rg1 77. Kf7 Rf1+ 78. Kg8 Kd7
79. g7 Rh1 80. Re4 Rf1 81. Kh7 Rh1+ 82. Kg6 Rg1+ 83. Kf6 Kd6 84. Rd4+ Kc7 85.
Rd5 1-0

[Event "2BLN 2122 SK Zehlendorf - FC St. Pauli"]
[Site "?"]
[Date "2022.03.05"]
[Round "1.1"]
[White "Feuerstack, Aljoscha"]
[Black "Sawlin, Leonid"]
[Result "1-0"]
[WhiteElo "2478"]
[BlackElo "2409"]
[PlyCount "87"]
[EventDate "2022.??.??"]

1. d4 e6 2. c4 d5 3. Nf3 Nf6 4. g3 dxc4 5. Bg2 Bb4+ 6. Bd2 a5 7. a3 Bxd2+ 8.
Nbxd2 b5 9. b3 c3 10. Nb1 Bb7 11. Nxc3 b4 12. Na4 Na6 13. O-O O-O 14. axb4 axb4
15. Rc1 Qd6 16. Ne5 Bxg2 17. Kxg2 Rfe8 18. Kg1 Qd5 19. Qd3 Red8 20. Nc6 Rd7 21.
Rc4 Qb5 22. Qf3 Re8 23. e4 h6 24. Rfc1 Nh7 25. Ne5 Rde7 26. Nc6 Rd7 27. Ne5
Rde7 28. h4 f6 29. Nc6 Rf7 30. Nb2 g5 31. Qh5 Ref8 32. Nd3 f5 33. Qg6+ Kh8 34.
Qxe6 fxe4 35. Qxe4 gxh4 36. Nde5 hxg3 37. Nxf7+ Rxf7 38. fxg3 Rg7 39. Kg2 Nf6
40. Qe5 Qd5+ 41. Qxd5 Nxd5 42. Re1 Rg8 43. Ne7 Nxe7 44. Rxe7 1-0

[Event "2BLN 2122 SK Zehlendorf - FC St. Pauli"]
[Site "?"]
[Date "2022.03.05"]
[Round "1.2"]
[White "Lagunow, Raphael"]
[Black "Socko, Bartosz"]
[Result "1/2-1/2"]
[WhiteElo "2385"]
[BlackElo "2642"]
[PlyCount "97"]
[EventDate "2022.??.??"]

1. e4 c6 2. d4 d5 3. e5 Bf5 4. Nd2 e6 5. Nb3 c5 6. dxc5 Bxc5 7. Nxc5 Qa5+ 8. c3
Qxc5 9. Be3 Qc7 10. f4 Ne7 11. Nf3 O-O 12. Be2 Nbc6 13. O-O Rad8 14. Qd2 Bg4
15. h3 Bxf3 16. Bxf3 f6 17. exf6 Rxf6 18. Bg4 Nf5 19. Bf2 Qf7 20. Qe2 Re8 21.
Rae1 g6 22. Bf3 Ng7 23. Qd2 Rxf4 24. Be3 Rf5 25. Bg4 Rxf1+ 26. Rxf1 Nf5 27. Bg5
Qg7 28. Re1 Ne5 29. Bf4 Nd7 30. Bxf5 gxf5 31. Re3 Qf6 32. Qd4 Qxd4 33. cxd4 Kf7
34. Ra3 a6 35. Rb3 b5 36. Rc3 e5 37. Rc7 exf4 38. Rxd7+ Kg6 39. Kf2 Rc8 40. Kf3
Rc2 41. Rxd5 Rxb2 42. Rd6+ Kg5 43. Rxa6 Rd2 44. Ra5 Rxd4 45. Rxb5 Rd3+ 46. Kf2
Rd2+ 47. Kf3 Rxa2 48. h4+ Kxh4 49. Rxf5 1/2-1/2

[Event "2BLN 2122 SK Zehlendorf - FC St. Pauli"]
[Site "?"]
[Date "2022.03.05"]
[Round "1.3"]
[White "Krause, Benedict"]
[Black "Baskin, Robert"]
[Result "0-1"]
[WhiteElo "2426"]
[BlackElo "2383"]
[PlyCount "46"]
[EventDate "2022.??.??"]

1. e4 c5 2. Nf3 d6 3. d4 cxd4 4. Nxd4 Nf6 5. Nc3 a6 6. Bg5 e6 7. f4 Qb6 8. Qd3
Qxb2 9. Rb1 Qa3 10. f5 Be7 11. fxe6 Bxe6 12. Nxe6 fxe6 13. Rxb7 Nc6 14. Be2 Qa5
15. Bd2 Qe5 16. Qc4 Na5 17. Qa4+ Kf7 18. Rb6 Rhc8 19. Nd1 Nxe4 20. O-O+ Nf6 21.
Bf3 Nc4 22. Rxa6 Rxa6 23. Qxa6 Qc5+ 0-1

[Event "2BLN 2122 SK Zehlendorf - FC St. Pauli"]
[Site "?"]
[Date "2022.03.05"]
[Round "1.4"]
[White "Tazbir, Marcin"]
[Black "Socko, Monika"]
[Result "1/2-1/2"]
[WhiteElo "2509"]
[BlackElo "2393"]
[PlyCount "35"]
[EventDate "2022.??.??"]

1. e4 e6 2. d4 d5 3. Nc3 Nf6 4. e5 Nfd7 5. Nce2 c5 6. c3 Nc6 7. f4 f5 8. Nf3
Be7 9. h4 cxd4 10. cxd4 O-O 11. h5 Nb6 12. Nc3 Bd7 13. Be3 a5 14. a4 Nb4 15.
Nd2 Rc8 16. Kf2 Nc4 17. Nxc4 dxc4 18. Be2 1/2-1/2

[Event "2BLN 2122 SK Zehlendorf - FC St. Pauli"]
[Site "?"]
[Date "2022.03.05"]
[Round "1.5"]
[White "Sawatzki, Frank"]
[Black "Stachowiak, Kamil"]
[Result "0-1"]
[WhiteElo "2388"]
[BlackElo "2473"]
[PlyCount "80"]
[EventDate "2022.??.??"]

1. e4 c5 2. Nf3 e6 3. d4 cxd4 4. Nxd4 Nc6 5. Nc3 Qc7 6. Qd3 a6 7. Nxc6 Qxc6 8.
Be2 b5 9. a3 Bb7 10. O-O Qc7 11. Rd1 Nf6 12. Bf3 Rd8 13. Bg5 Be7 14. Bh4 d6 15.
Bg3 O-O 16. a4 b4 17. Na2 Qc5 18. c3 bxc3 19. b4 Qa7 20. Nxc3 Nd7 21. Qc2 Ne5
22. Be2 Rc8 23. Qb3 Nc6 24. Qb2 Nd4 25. Bd3 Bf6 26. Rac1 Bg5 27. Bxd6 Bxc1 28.
Rxc1 Rfd8 29. Bc5 Qb8 30. Rd1 Qe5 31. Kh1 Qh5 32. Bf1 e5 33. Rd3 f5 34. f4 fxe4
35. Rh3 Qf7 36. Qf2 Qxf4 37. Bc4+ Kh8 38. Qg1 e3 39. Qb1 h6 40. Qg6 Rc6 0-1

[Event "2BLN 2122 SK Zehlendorf - FC St. Pauli"]
[Site "?"]
[Date "2022.03.05"]
[Round "1.6"]
[White "Brodowski, Piotr"]
[Black "Ertan, Can"]
[Result "1-0"]
[WhiteElo "2443"]
[BlackElo "2382"]
[PlyCount "100"]
[EventDate "2022.??.??"]

1. d4 Nf6 2. c4 e6 3. Nf3 b6 4. g3 Ba6 5. b3 Bb4+ 6. Bd2 Be7 7. Nc3 d5 8. cxd5
exd5 9. Bg2 Nbd7 10. O-O Bb7 11. Bf4 Nh5 12. Be3 O-O 13. Rc1 Re8 14. Qc2 Ba3
15. Rcd1 c6 16. Bg5 Nhf6 17. Bh3 Nf8 18. Ne5 Ne6 19. Be3 Bd6 20. f4 c5 21. Nb5
Bf8 22. dxc5 bxc5 23. Bg2 Qe7 24. Bf2 d4 25. e4 Bc6 26. a4 Rac8 27. Rfe1 Qb7
28. h3 Bxb5 29. axb5 Qxb5 30. Nc4 Nc7 31. g4 Rb8 32. Rc1 Rbd8 33. Qd3 Na6 34.
Bh4 Nb4 35. Qd2 Be7 36. Bxf6 Bxf6 37. e5 Bh4 38. Rf1 Nd5 39. Bxd5 Rxd5 40. Qg2
Qc6 41. g5 h5 42. Rcd1 Red8 43. Nd2 d3 44. Nf3 Qb6 45. Kh2 Qxb3 46. Nxh4 c4 47.
g6 fxg6 48. Nxg6 c3 49. Ne7+ Kf8 50. Nxd5 Rxd5 1-0

[Event "2BLN 2122 SK Zehlendorf - FC St. Pauli"]
[Site "?"]
[Date "2022.03.05"]
[Round "1.7"]
[White "Krause, Jonah"]
[Black "Luch, Michal"]
[Result "1/2-1/2"]
[WhiteElo "2364"]
[BlackElo "2368"]
[PlyCount "79"]
[EventDate "2022.??.??"]

1. d4 Nf6 2. c4 e6 3. Nf3 d5 4. Nc3 Be7 5. Bf4 O-O 6. e3 c5 7. dxc5 Bxc5 8. a3
Nc6 9. Qc2 Qa5 10. Rd1 Be7 11. Be2 dxc4 12. Bxc4 e5 13. Bg3 Bg4 14. O-O Rac8
15. Nd5 b5 16. Ba2 Nxd5 17. Bxd5 Nd4 18. Qd3 Nxf3+ 19. Bxf3 Bxf3 20. gxf3 Bf6
21. Qe4 Rc4 22. Qf5 b4 23. Rd3 bxa3 24. Rxa3 Qb6 25. b3 Rc3 26. Rfa1 Rxb3 27.
Rxb3 Qxb3 28. Rxa7 Qc3 29. Kg2 h6 30. Rd7 Qc8 31. Qd3 Qc6 32. Rd6 Qe8 33. Qd5
Qe7 34. Rd7 Qe8 35. h3 Qc8 36. Rd6 Re8 37. Qe4 Qc7 38. Rd5 Qe7 39. Rb5 Qe6 40.
Rb7 1/2-1/2

[Event "2BLN 2122 SK Zehlendorf - FC St. Pauli"]
[Site "?"]
[Date "2022.03.05"]
[Round "1.8"]
[White "Meister, Jakob"]
[Black "Mueller, Fabian"]
[Result "0-1"]
[WhiteElo "2422"]
[BlackElo "2333"]
[PlyCount "70"]
[EventDate "2022.??.??"]

1. e4 c5 2. Nc3 Nc6 3. f4 e6 4. Nf3 d5 5. Bb5 Nge7 6. Qe2 d4 7. Nd1 a6 8. Bxc6+
Nxc6 9. Nf2 Be7 10. d3 O-O 11. O-O Qc7 12. Bd2 Bd7 13. a3 Rae8 14. Rac1 f5 15.
e5 Bd8 16. c3 dxc3 17. Rxc3 b6 18. Nd1 Qb7 19. Rc1 Be7 20. Ne3 b5 21. Nc2 Rc8
22. d4 cxd4 23. Ncxd4 Nxd4 24. Nxd4 Bc5 25. Rxc5 Rxc5 26. Bb4 Rc4 27. Bxf8 Rxd4
28. Bc5 Rc4 29. b4 Bc6 30. Qd2 Bd5 31. g3 Qf7 32. h3 Qh5 33. Kh2 h6 34. Rf2 Kh7
35. Qe2 Rc1 0-1

[Event "2BLN 2122 SV Lingen - SK Norderstedt"]
[Site "?"]
[Date "2022.03.05"]
[Round "1.1"]
[White "Trent, Lawrence"]
[Black "Kollen, Zyon"]
[Result "1/2-1/2"]
[WhiteElo "2401"]
[BlackElo "2363"]
[PlyCount "112"]
[EventDate "2022.??.??"]

1. Nc3 Nf6 2. e4 e5 3. d4 exd4 4. Qxd4 Nc6 5. Qc4 Bb4 6. Bd2 Qe7 7. O-O-O d6 8.
f3 Be6 9. Qb5 O-O-O 10. Nh3 d5 11. Ng5 d4 12. Na4 Bxd2+ 13. Rxd2 Nd7 14. Nxe6
fxe6 15. Qb3 a6 16. c3 e5 17. Be2 b5 18. Bxb5 axb5 19. Qxb5 Qd6 20. Qa6+ Kb8
21. Rhd1 Nc5 22. Qb5+ Nb7 23. Kb1 Na7 24. Qb3 c5 25. cxd4 exd4 26. Qc4 Qc6 27.
Rd3 Qb5 28. Qxb5 Nxb5 29. Rb3 N5d6 30. Nxc5 Rc8 31. Nxb7 Nxb7 32. Rxd4 Rhd8 33.
Rbd3 Rxd4 34. Rxd4 Rc6 35. e5 Nc5 36. f4 Ne6 37. Rb4+ Kc7 38. f5 Nc5 39. Rd4 g6
40. g4 gxf5 41. gxf5 Nd7 42. e6 Nf6 43. Rd2 Rb6 44. b3 Rb5 45. Rf2 Kd6 46. Kb2
Ke5 47. a4 Rb8 48. Ka3 Ng4 49. Rf3 Nxh2 50. Rh3 Ng4 51. Rxh7 Kxf5 52. a5 Kxe6
53. Ka4 Nf6 54. Rh6 Ke5 55. Rh4 Nd5 56. b4 Rxb4+ 1/2-1/2

[Event "2BLN 2122 SV Lingen - SK Norderstedt"]
[Site "?"]
[Date "2022.03.05"]
[Round "1.2"]
[White "Milanovic, Danilo"]
[Black "Ostrovskiy, Andrey"]
[Result "1-0"]
[WhiteElo "2406"]
[BlackElo "2425"]
[PlyCount "79"]
[EventDate "2022.??.??"]

1. d4 Nf6 2. c4 e6 3. Nc3 Bb4 4. e3 b6 5. Bd3 Bb7 6. Nge2 Bxg2 7. Rg1 Bf3 8.
Qc2 Nc6 9. Rg3 Bh5 10. f4 Bxe2 11. Qxe2 g6 12. Bd2 Ne7 13. e4 Nh5 14. Rf3 O-O
15. O-O-O f5 16. e5 d5 17. a3 Bxc3 18. Bxc3 dxc4 19. Bxc4 Nd5 20. Bd2 Qd7 21.
Kb1 c6 22. Qf2 Rf7 23. Be2 Ng7 24. Rg3 Ne8 25. h4 Nec7 26. h5 Rg7 27. Rdg1 Ne7
28. Bb4 Ncd5 29. Bd6 a5 30. Bc4 Kf7 31. R3g2 Nc8 32. Bxd5 cxd5 33. Qh4 Nxd6 34.
Qf6+ Kg8 35. exd6 Rf8 36. Qe5 Rd8 37. hxg6 hxg6 38. Rxg6 Rxg6 39. Rxg6+ Kh7 40.
Qf6 1-0

[Event "2BLN 2122 SV Lingen - SK Norderstedt"]
[Site "?"]
[Date "2022.03.05"]
[Round "1.3"]
[White "Kuberczyk, Christoph"]
[Black "Gutman, Lev"]
[Result "0-1"]
[WhiteElo "2308"]
[BlackElo "2389"]
[PlyCount "58"]
[EventDate "2022.??.??"]

1. e4 c5 2. Nf3 d6 3. Bb5+ Nc6 4. O-O Bd7 5. Re1 a6 6. Bf1 Bg4 7. c3 g6 8. h3
Bxf3 9. Qxf3 Bg7 10. d3 Nf6 11. Be3 Nd7 12. Nd2 O-O 13. Qd1 b5 14. Nf3 b4 15.
d4 bxc3 16. bxc3 Qa5 17. Rc1 Rab8 18. h4 Rb2 19. h5 Nf6 20. hxg6 hxg6 21. Ng5
Bh6 22. Nxf7 Bxe3 23. Rxe3 Kxf7 24. e5 Kg7 25. Qf3 cxd4 26. cxd4 Nd5 27. Qg4
Nxe3 28. fxe3 Qd2 29. Rd1 Qf2+ 0-1

[Event "2BLN 2122 SV Lingen - SK Norderstedt"]
[Site "?"]
[Date "2022.03.05"]
[Round "1.4"]
[White "Miletic, Vuk"]
[Black "Licznerski, Lukasz"]
[Result "0-1"]
[WhiteElo "2196"]
[BlackElo "2436"]
[PlyCount "56"]
[EventDate "2022.??.??"]

1. d4 Nf6 2. Nf3 g6 3. Nbd2 d5 4. e3 Bg7 5. b4 Bg4 6. Be2 Nbd7 7. O-O Nb6 8. h3
Bxf3 9. Bxf3 e5 10. a4 exd4 11. exd4 O-O 12. a5 Nc8 13. a6 b6 14. c4 c6 15. c5
Re8 16. Qc2 Ne7 17. Bb2 b5 18. Rfe1 Qd7 19. Qd3 h5 20. Re2 Nf5 21. g3 Rxe2 22.
Bxe2 Re8 23. Nf3 Ne4 24. Bf1 Qc7 25. Bc1 Nxf2 26. Bf4 Qxf4 27. gxf4 Nxd3 28.
Bxd3 Nxd4 0-1

[Event "2BLN 2122 SV Lingen - SK Norderstedt"]
[Site "?"]
[Date "2022.03.05"]
[Round "1.5"]
[White "Kopylov, Michael"]
[Black "Gazic, Josip"]
[Result "1/2-1/2"]
[WhiteElo "2379"]
[BlackElo "2149"]
[PlyCount "43"]
[EventDate "2022.??.??"]

1. d4 e6 2. g3 d5 3. Bg2 Nf6 4. Nf3 Nc6 5. O-O Ne4 6. c4 Be7 7. Nc3 O-O 8. Bf4
Nxc3 9. bxc3 dxc4 10. Qa4 Bd7 11. Qxc4 Rc8 12. Qd3 f6 13. Rfd1 Na5 14. Bh3 Bd6
15. Bd2 b5 16. a4 bxa4 17. c4 Nb3 18. Ra2 Nxd2 19. Nxd2 Bb4 20. c5 Rb8 21. d5
Bxc5 22. Qc4 {(=)} 1/2-1/2

[Event "2BLN 2122 SV Lingen - SK Norderstedt"]
[Site "?"]
[Date "2022.03.05"]
[Round "1.6"]
[White "Boehme, Arne"]
[Black "Polischuk, Viktor"]
[Result "1/2-1/2"]
[WhiteElo "2140"]
[BlackElo "2287"]
[PlyCount "138"]
[EventDate "2022.??.??"]

1. e4 c5 2. Nf3 e6 3. d4 cxd4 4. Nxd4 Nf6 5. Nc3 Nc6 6. Nxc6 bxc6 7. e5 Nd5 8.
Ne4 Qc7 9. f4 Qb6 10. c4 Ne3 11. Qd3 Nxf1 12. Rxf1 Ba6 13. b3 Be7 14. Be3 Qb4+
15. Kf2 f5 16. a3 fxe4 17. axb4 exd3 18. Rxa6 Bxb4 19. Rd1 d2 20. Bxd2 Bxd2 21.
Rxd2 Ke7 22. Ke3 Rhb8 23. Rd3 Rb6 24. Ra3 a5 25. Kd4 Rb4 26. Kc5 Ra7 27. Rg3
Kf7 28. Rh3 h6 29. g4 Rb8 30. Kd6 Rc8 31. f5 exf5 32. gxf5 c5 33. Ra2 Ra6+ 34.
Kd5 g5 35. fxg6+ Kxg6 36. Rg2+ Kh7 37. Rf3 Rg6 38. Rf7+ Kg8 39. Rxg6+ Kxf7 40.
Rxh6 Rb8 41. Rh7+ Kg6 42. Rxd7 Rxb3 43. e6 a4 44. Ra7 a3 45. Kxc5 Kf6 46. e7
Kf7 47. Kc6 Rh3 48. c5 Ke8 49. Kc7 Kxe7 50. c6 Ke6 51. Ra5 Rh7+ 52. Kb6 Rh3 53.
c7 Rb3+ 54. Kc6 Rc3+ 55. Kb7 Rb3+ 56. Kc8 Rh3 57. Ra6+ Kd5 58. Ra4 Kd6 59. Rd4+
Ke7 60. Rd2 Rb3 61. Re2+ Kf7 62. h4 Rb2 63. Re3 a2 64. Ra3 Kg6 65. Ra5 Kh6 66.
h5 Rd2 67. Kb8 Rb2+ 68. Ka7 Rc2 69. Kb6 Rb2+ 1/2-1/2

[Event "2BLN 2122 SV Lingen - SK Norderstedt"]
[Site "?"]
[Date "2022.03.05"]
[Round "1.7"]
[White "Michna, Christian"]
[Black "Kandic, Milan"]
[Result "1/2-1/2"]
[WhiteElo "2219"]
[BlackElo "2018"]
[PlyCount "31"]
[EventDate "2022.??.??"]

1. d4 d6 2. e4 Nf6 3. Nc3 e5 4. Nf3 Nbd7 5. Bc4 Be7 6. O-O O-O 7. Re1 c6 8. a4
a5 9. b3 Qc7 10. Bb2 exd4 11. Nxd4 Ne5 12. Bf1 Bg4 13. f3 Bd7 14. Qd2 Rfe8 15.
Rad1 Rad8 16. Kh1 {(=)} 1/2-1/2

[Event "2BLN 2122 SV Lingen - SK Norderstedt"]
[Site "?"]
[Date "2022.03.05"]
[Round "1.8"]
[White "Moeller, Hannah"]
[Black "Fernschild, Daniel"]
[Result "1/2-1/2"]
[WhiteElo "1825"]
[BlackElo "1988"]
[PlyCount "74"]
[EventDate "2022.??.??"]

1. Nf3 e6 2. g3 d5 3. Bg2 Nf6 4. d4 Be7 5. O-O O-O 6. c4 b6 7. Nc3 Bb7 8. cxd5
Nxd5 9. Nxd5 Bxd5 10. Bf4 c5 11. dxc5 Bxc5 12. Qc2 Nd7 13. Ng5 g6 14. Bxd5 exd5
15. Rfd1 Nf6 16. Nf3 Qc8 17. Qb3 Qe6 18. Be5 Ne4 19. Bd4 Rfd8 20. Qe3 Rac8 21.
Rac1 Nd6 22. Qxe6 fxe6 23. Bxc5 bxc5 24. Ng5 Re8 25. Rd3 h6 26. Nf3 c4 27. Ra3
Re7 28. Ra6 Nf7 29. Nd4 Nd8 30. Rc3 Kf7 31. Rf3+ Kg7 32. Rfa3 e5 33. Nb5 Nc6
34. Nd6 Rcc7 35. Nb5 Rb7 36. Nd6 Nb4 37. R6a5 Rbd7 {(=)} 1/2-1/2